000 01299cam a22003617a 4500
003 CHAP
005 20220329142122.0
008 990816d1999 mx r 00110 spa d
010 _a78730
011 _a79702
035 _a90095
040 _cCHAP
090 _aTesis
100 0 0 _aMartínez Gutiérrez, Rubén.
_972129
245 1 0 _aCaracterización del mercado de los Estados Unidos y oportunidades para las flores frescas mexicanas
_c/por Rubén Martínez Gutiérrez
260 _aChapingo, Méx. :
_bEl autor,
_c1999.
300 _a121 h. :
_banexos
502 _aTesis (Ing. Agr. Esp. en Economía Agrícola) -- UACH. División de Ciencias Económico Administrativas
590 _aALEPH
_b10
_c20130110
_lUCH01
_h1430
590 _aBATCH-UPD
_b10
_c20130110
_lUCH01
_h0355
590 _aBATCH-UPD
_b10
_c20130410
_lUCH01
_h0028
590 _aBATCH-UPD
_b10
_c20130914
_lUCH01
_h1417
590 _aCONVERSION
_b10
_c20130109
_lUCH01
_h1344
650 1 4 _aFlores
_xCorte.
_941368
650 1 4 _aFlores
_xExportación.
_941378
650 1 4 _aFlores
_xMercadeo.
_941388
650 1 4 _aFloricultura
_zMéxico.
_941852
901 _aBK
905 _aLilia Sánchez G.
942 _cFOLL
949 _bBC
_cTES
_d33724000716189
_eTS2
_fc.2
_h34240
_i90095
_si
949 _bBC
_cTES
_d900951
_eTS1
_h34239
_i90095
_sb
999 _c78730
_d78730